| 000 | 00575ata a2200229 4500 | ||
|---|---|---|---|
| 005 | 20161109132439.0 | ||
| 008 | 150521b xxu||||| |||| 00| 0 spa d | ||
| 041 | _aspa | ||
| 082 | _a1.0.67 C335t | ||
| 100 |
_aCasasola, Luis _930702 |
||
| 245 | _aTurismo y ambiente | ||
| 260 | _aMéxico | ||
| 260 | _bTrillas | ||
| 260 | _c2011 | ||
| 300 | _a79 páginas | ||
| 650 |
_aTURISMO ECOLÓGICO _91911 |
||
| 650 |
_aECOTURISMO _9923 |
||
| 650 |
_aPATRIMONIO CULTURAL _91074 |
||
| 650 |
_aMONUMENTOS ARQUEOLÓGICOS _930703 |
||
| 650 |
_aECODESARROLLO _930704 |
||
| 942 | _cBK | ||
| 999 |
_c5878 _d5878 |
||